000 00716nam a2200289Ia 4500
005 20260324142701.0
008 008 260324s9999 xx 000 0 eng d
020 _a9781315132532
037 _aEBOOK
040 _aCRL
040 _beng
040 _cCRL
041 _2eng
041 _aeng
084 _qCRL
100 _aCarl H. Builder
_91212869
245 4 _aThe Icarus Syndrome
245 4 _bThe Role of Air Power Theory in the Evolution and Fate of the U.S. Air Force
260 _bTaylor and Francis
260 _c1994
365 _a
365 _b220
856 _uhttp://www.taylorfrancis.com/books/9781315132532
942 _cEBOOK
999 _c1817317
_d1817317